Normal view
MARC view
- Haynes, Williams .
Entry Personal Name
001 - CONTROL NUMBER
- control field: 1596
003 - CONTROL NUMBER IDENTIFIER
- control field: OSt
005 - DATE AND TIME OF LATEST TRANSACTION
- control field: 20161001131604.0
008 - FIXED-LENGTH DATA ELEMENTS
- fixed length control field: 161001|| aca||aabn | a|a d
040 ## - CATALOGING SOURCE
- Original cataloging agency: OSt
- Transcribing agency: OSt
100 ## - HEADING--PERSONAL NAME
- Personal name: Haynes, Williams .
670 ## - SOURCE DATA FOUND
- Source citation: Work cat.: (OSt)9195: Haynes, Williams ., Chemical Trade Names and Commercial Synonyms : A Dictionery of American Usage/ / , 1955.
